000 01256cam a2200229 4500
001 X125053
008 040205n2004 000 0 eng u
035 _a(Sirsi) u125053
100 _aPearson, A.
245 _aWhere grass will be greener
260 _c2004
490 _aBuilding
_v269(8316) 23 January 2004, 22-25(4)
520 _aExamines the new design for the Centre Court at Wimbledon which should be in place by 2009. Explains that the new roof should offer a guaranteed amount of tennis each day to television companies that bankroll the tournament. Architect HOK Sport has spent three years getting the detail of the design right. This includes the changes to the existing roof which will be replaced with one made of a foldable fabric. A solution also had to be found to ensure the conditions inside the new enclosed space were suitable for players and spectators so an air conditioning system was developed which is capable of maintaining the court's internal environment. Work is scheduled to start in 2006.
590 _aABS
590 _aABS
650 _aWIMBLEDON
650 _aTENNIS COURT
650 _aROOFING
650 _aALL WEATHER STADIA
690 _aBUILDING AND CONSTRUCTION-DESIGN AND STRUCTURES
942 _n0
999 _c117004
_d117004